| 000 | 01058cam a22002653a 4500 | ||
|---|---|---|---|
| 001 | 15532 | ||
| 003 | PGUSA | ||
| 005 | 20140828083330.0 | ||
| 008 | 050404s2005||||xxu|||||s|||||000 1 eng d | ||
| 040 |
_aPGUSA _beng |
||
| 042 | _adc | ||
| 050 | 4 | _aPQ | |
| 100 | 1 |
_aAlarcón, Pedro Antonio de, _d1833-1891 |
|
| 245 | 1 | 0 |
_aNovelas Cortas _h[electronic resource] / _cPedro Antonio de Alarcón |
| 260 |
_bProject Gutenberg, _c2005 |
||
| 505 | 0 | _aPreface -- La buenaventura -- La corneta de llaves -- La corneta de llaves -- Las dos glorias -- El afrancesado -- !Viva el papa! -- El extranjero -- El libro talonario -- Moros y cristianos -- El año en Spitzberg -- Idiomatic commentary -- Notes -- Exercises for translation into Spanish -- Vocabulary. | |
| 506 | _aPublic domain in the USA. | ||
| 516 | _aElectronic text | ||
| 653 | _aSpanish language -- Readers | ||
| 653 | _aFiction | ||
| 700 | 1 |
_aGiese, William F. _q(William Frederic), _d1864- |
|
| 830 | 0 |
_aProject Gutenberg _v15532 |
|
| 856 | 4 | 0 | _uhttp://www.gutenberg.org/ebooks/15532 |
| 942 | _cEB | ||
| 999 |
_c244787 _d244787 |
||